[Event "Open A"]
[Site "?"]
[Date "2007.08.28"]
[Round "5.18"]
[White "Zlamal, Frantisek"]
[Black "Misicko, Jan"]
[Result "1/2-1/2"]
[WhiteElo "1868"]
[BlackElo "2113"]
[PlyCount "79"]
[EventDate "2007.08.28"]
[SourceDate "2007.08.28"]

1. Nf3 c5 2. c4 Nf6 3. Nc3 d5 4. cxd5 Nxd5 5. e4 Nc7 6. d4 cxd4 7. Qxd4 Qxd4 8.
Nxd4 e5 9. Nf3 Nc6 10. Bc4 Bb4 11. O-O Bxc3 12. bxc3 Be6 13. Bb3 O-O-O 14. Be3
Rd3 15. Rfc1 f6 16. h3 Rhd8 17. Ne1 R3d7 18. Nc2 b6 19. Nb4 Na5 20. c4 b5 21.
cxb5 Bxb3 22. b6 Bc4 23. bxc7 Rxc7 24. Kh2 Rdd7 25. Rc3 Be6 26. Rac1 Kb7 27.
Rxc7+ Rxc7 28. Rxc7+ Kxc7 29. Bxa7 Nc6 30. Nxc6 Kxc6 31. a3 Bb3 32. h4 g6 33.
g4 Bc2 34. f3 f5 35. exf5 gxf5 36. g5 e4 37. h5 Bb3 38. fxe4 fxe4 39. Kg3 Bf7
40. g6 1/2-1/2

[Event "Open A"]
[Site "?"]
[Date "2007.08.28"]
[Round "5.9"]
[White "Koys, Milan"]
[Black "Vanka, Miloslav"]
[Result "1-0"]
[WhiteElo "2194"]
[BlackElo "2113"]
[PlyCount "75"]
[EventDate "2007.08.28"]
[SourceDate "2007.08.28"]

1. e4 e5 2. Nf3 Nf6 3. d3 Nc6 4. c3 g6 5. Be2 Bg7 6. Nbd2 O-O 7. Nf1 h6 8. Ng3
d5 9. Bd2 dxe4 10. dxe4 Qe7 11. h4 Ng4 12. h5 Qc5 13. O-O Qe7 14. b4 Be6 15. a4
Rad8 16. Qc2 Nb8 17. c4 Nc6 18. c5 Nd4 19. Nxd4 exd4 20. Ra3 Qh4 21. Bxg4 Bxg4
22. hxg6 fxg6 23. e5 Bf5 24. Nxf5 Rxf5 25. Rh3 Qe7 26. Qc4+ Kh7 27. f4 Rff8 28.
Rff3 Qf7 29. e6 Qe7 30. g4 c6 31. f5 gxf5 32. gxf5 Rd5 33. Qd3 Qf6 34. Qe4 Re5
35. Qg4 Re2 36. Bxh6 Bxh6 37. Rxh6+ Qxh6 38. Rh3 1-0

[Event "Open A"]
[Site "?"]
[Date "????.??.??"]
[Round "5.11"]
[White "Skala, Jaromir"]
[Black "Purnoch"]
[Result "1/2-1/2"]
[WhiteElo "2075"]
[BlackElo "2184"]
[PlyCount "100"]
[EventDate "2007.08.28"]
[SourceDate "2007.08.28"]

1. e4 c5 2. Nf3 Nc6 3. Bb5 Nf6 4. e5 Nd5 5. O-O g6 6. Nc3 Nc7 7. Re1 Bg7 8.
Bxc6 dxc6 9. Ne4 Ne6 10. d3 b6 11. b3 a5 12. h3 a4 13. Bg5 Nxg5 14. Nexg5 h6
15. Ne4 O-O 16. Nc3 axb3 17. axb3 Be6 18. Na4 Qc7 19. Qe2 Rfd8 20. Qe3 Ra5 21.
b4 cxb4 22. Nxb6 Qa7 23. Rxa5 Qxa5 24. Nd2 Rb8 25. Ndc4 Qa2 26. Rc1 b3 27. cxb3
Qxb3 28. Qc5 Qxd3 29. Qxc6 Kh7 30. Qc7 Qd8 31. Qc5 Rb7 32. Qe3 h5 33. g4 hxg4
34. hxg4 Bxg4 35. Qe4 Bc8 36. Nd5 Rb3 37. Qh4+ Bh6 38. Nce3 Be6 39. Nxe7 Qd2
40. Rd1 Qe2 41. Ng8 Kxg8 42. Qxh6 Rd3 43. Rb1 Rd8 44. Qg5 Rc8 45. Rd1 Qf3 46.
Rd8+ Rxd8 47. Qxd8+ Kg7 48. Qg5 Qe4 49. Qf6+ Kh7 50. Kh2 Kg8 1/2-1/2

[Event "Open A"]
[Site "?"]
[Date "2007.08.28"]
[Round "5.23"]
[White "Srba, Milan"]
[Black "Havelka, Petr"]
[Result "1-0"]
[WhiteElo "2237"]
[BlackElo "1979"]
[PlyCount "89"]
[EventDate "2007.08.28"]
[SourceDate "2007.08.28"]

1. e4 d5 2. exd5 Qxd5 3. Nc3 Qa5 4. d4 Nf6 5. Nf3 Bg4 6. Be2 e6 7. Nd2 Bxe2 8.
Qxe2 c6 9. Nb3 Qc7 10. Bg5 Nbd7 11. O-O-O O-O-O 12. Kb1 h6 13. Bh4 g5 14. Bg3
Bd6 15. Rhe1 Nb6 16. Be5 Bxe5 17. dxe5 Nfd5 18. Nxd5 Nxd5 19. g3 Ne7 20. Rxd8+
Rxd8 21. Qh5 Nf5 22. a3 Rh8 23. h4 gxh4 24. g4 Ng7 25. Qxh4 Qd8 26. Qg3 f5 27.
exf6 Qxf6 28. Nc5 Rf8 29. Qb3 Rf7 30. Rd1 Re7 31. Qd3 Qf8 32. Qd6 Qe8 33. Qe5
Qf8 34. Ne4 Ne8 35. Qd4 Nc7 36. Qxa7 Qf3 37. Nd6+ Kd7 38. Rd3 Qh1+ 39. Ka2 Nd5
40. Nxb7 Ke8 41. c4 Nc7 42. Rd8+ Kf7 43. Nd6+ Kf6 44. Nc8 Qe4 45. Qd4+ 1-0

[Event "Open A"]
[Site "?"]
[Date "2007.08.28"]
[Round "5.25"]
[White "Postupa, Pavel"]
[Black "Lexa, Vaclav"]
[Result "0-1"]
[WhiteElo "2146"]
[BlackElo "1937"]
[PlyCount "96"]
[EventDate "2007.08.28"]
[SourceDate "2007.08.28"]

1. e4 c5 2. Nf3 d6 3. d4 cxd4 4. Nxd4 Nf6 5. Nc3 a6 6. f3 e5 7. Nb3 Be6 8. Be3
b5 9. Qd2 Be7 10. O-O-O Nbd7 11. g4 Nb6 12. g5 Nfd7 13. Nd5 Bxd5 14. exd5 Rc8
15. Kb1 f5 16. gxf6 Bxf6 17. Bxb6 Nxb6 18. Bh3 Nc4 19. Qd3 Nxb2 20. Qf5 Nxd1
21. Qe6+ Kf8 22. Rxd1 Rc7 23. Na5 Re7 24. Nc6 Rxe6 25. Nxd8 Re8 26. Ne6+ Kf7
27. Nc7 Re7 28. Be6+ Kg6 29. Nxa6 Ra8 30. Nb4 Rea7 31. c3 Bh4 32. Rg1+ Kf6 33.
Rf1 Kg5 34. Rg1+ Kf6 35. Rf1 Bg5 36. Kb2 Be3 37. Ra1 Bc5 38. Nc6 Ra3 39. Bh3
R8a4 40. Bf1 Rh4 41. h3 Kg5 42. Nd8 b4 43. Ne6+ Kf6 44. f4 Rxc3 45. a3 Rxa3 46.
Rd1 Rc3 47. Re1 Bd4 48. Kb1 Ra3 0-1

[Event "Open B"]
[Site "?"]
[Date "2007.08.28"]
[Round "5.7"]
[White "Blumel, Otto"]
[Black "Koper, Stefan"]
[Result "1/2-1/2"]
[WhiteElo "2236"]
[BlackElo "2000"]
[PlyCount "22"]
[EventDate "2007.08.28"]
[SourceDate "2007.08.28"]

1. d4 g6 2. e4 Bg7 3. Nf3 d6 4. h3 Nf6 5. Nc3 O-O 6. a4 a5 7. Bd3 Nc6 8. O-O
Nb4 9. Be2 c6 10. Re1 d5 11. exd5 Bf5 1/2-1/2

[Event "Open B"]
[Site "?"]
[Date "2007.08.28"]
[Round "5.2"]
[White "Vojta, Tomas"]
[Black "Hausner, Ivan"]
[Result "*"]
[WhiteElo "2283"]
[BlackElo "2393"]
[PlyCount "65"]
[EventDate "2007.??.??"]

1. e4 e6 2. d4 d5 3. e5 c5 4. Qg4 cxd4 5. Nf3 Nc6 6. Bd3 f5 7. Qg3 Nh6 8. O-O
Nf7 9. h4 g6 10. Re1 Be7 11. a3 O-O 12. b4 a6 13. Bf4 Kh8 14. Nbd2 Rg8 15. Ng5
Nxg5 16. Bxg5 Bxg5 17. hxg5 b5 18. Nb3 Ra7 19. f4 h6 20. Kf2 hxg5 21. Rh1+ Rh7
22. fxg5 Rgg7 23. Qf4 Qc7 24. Rae1 Rxh1 25. Rxh1+ Rh7 26. Rxh7+ Kxh7 27. Nxd4
Nxe5 28. Ke2 Qg7 29. c3 Nf7 30. Nc6 Bd7 31. Nb8 Bc8 32. Nc6 Bd7 33. Nb8 *

[Event "Open A"]
[Site "?"]
[Date "2007.08.28"]
[Round "5.12"]
[White "Novak, Jindrich"]
[Black "Herejk, Petr"]
[Result "1-0"]
[WhiteElo "2024"]
[BlackElo "2178"]
[PlyCount "88"]
[EventDate "2007.??.??"]

1. d3 c5 2. c3 Nf6 3. e4 Nc6 4. f4 d5 5. Qc2 e6 6. Nf3 Be7 7. Be2 b6 8. O-O Bb7
9. Ne5 Qc7 10. Nxc6 Bxc6 11. Bf3 dxe4 12. dxe4 O-O 13. c4 Rad8 14. Nc3 Nd7 15.
Be3 Nb8 16. Nb5 Qb7 17. a4 a6 18. Nc3 Rd7 19. f5 Bf6 20. g4 Bd4 21. Rae1 Rfd8
22. Rf2 Qc7 23. Kg2 Qe5 24. Rfe2 Bxe3 25. Rxe3 Rd2+ 26. R1e2 Rxc2 27. Rxc2 h6
28. h4 a5 29. b3 Na6 30. Rce2 Nb4 31. Nd5 Qb8 32. fxe6 fxe6 33. Ne7+ Kf7 34.
Nxc6 Nxc6 35. e5 Nd4 36. Rf2 Ke7 37. g5 hxg5 38. Bh5 Rf8 39. hxg5 Rxf2+ 40.
Kxf2 Qf8+ 41. Bf3 Qf4 42. g6 Qh4+ 43. Kf1 Qg5 44. Kf2 Qxg6 1-0

[Event "Open A"]
[Site "?"]
[Date "2007.08.28"]
[Round "5.17"]
[White "Krasnay, Peter"]
[Black "Moravec, Vit"]
[Result "1-0"]
[WhiteElo "2123"]
[BlackElo "2020"]
[PlyCount "61"]
[EventDate "2007.??.??"]
[SourceDate "2007.08.28"]

1. e4 c5 2. Nf3 e6 3. d4 cxd4 4. Nxd4 a6 5. Bd3 Nc6 6. Be3 Nf6 7. Nc3 Be7 8.
Qe2 O-O 9. O-O-O Ne5 10. f4 Nxd3+ 11. Rxd3 d5 12. e5 Nd7 13. Bf2 Nc5 14. Rh3 g6
15. g4 f5 16. gxf5 exf5 17. Rg1 Rf7 18. e6 Rg7 19. Nxf5 Nxe6 20. Nh6+ Kf8 21.
Rd3 d4 22. Kb1 Bf6 23. Qf3 Nc5 24. Rdd1 Be6 25. f5 Bf7 26. fxg6 Rxg6 27. Rxg6
hxg6 28. Bxd4 Nd7 29. Nxf7 Qe7 30. Ng5 Kg7 31. Nd5 1-0

[Event "Open A"]
[Site "?"]
[Date "2007.08.28"]
[Round "5.3"]
[White "Kojetsky, Pavel"]
[Black "Studnicka, Tomas"]
[Result "0-1"]
[WhiteElo "2147"]
[BlackElo "2307"]
[PlyCount "82"]
[EventDate "2007.??.??"]
[SourceDate "2007.08.28"]

1. e4 e5 2. Nf3 Nf6 3. d4 Nxe4 4. Bd3 d5 5. Nxe5 Nd7 6. O-O Nxe5 7. dxe5 Nc5 8.
Be2 Be7 9. f4 Bf5 10. Bg4 Bxg4 11. Qxg4 g6 12. Nd2 Qd7 13. f5 O-O-O 14. b4 Na6
15. e6 fxe6 16. fxe6 Qc6 17. Bb2 Rhe8 18. Bf6 Bxf6 19. Rxf6 Qc3 20. Raf1 Qxd2
21. e7+ Rd7 22. Re6 Qxb4 23. Qxb4 Nxb4 24. Rf8 Rdxe7 25. Rxe8+ Rxe8 26. Rxe8+
Kd7 27. Rh8 h5 28. Rh6 Nxa2 29. Rxg6 a5 30. h4 a4 31. g4 a3 32. gxh5 Nc3 33.
Rg8 b5 34. h6 a2 35. h7 a1=Q+ 36. Kg2 Ne2 37. h8=Q Qg1+ 38. Kf3 Nd4+ 39. Kf4
Qf2+ 40. Ke5 Nc6+ 41. Kxd5 Qf5+ 0-1

[Event "Open A"]
[Site "?"]
[Date "2007.08.28"]
[Round "5.27"]
[White "Pokorny, Milan"]
[Black "Pokorny, Jiri"]
[Result "0-1"]
[WhiteElo "2200"]
[BlackElo "1955"]
[PlyCount "88"]
[EventDate "2007.??.??"]
[SourceDate "2007.08.28"]

1. e4 c5 2. Nf3 d6 3. d4 cxd4 4. Nxd4 Nf6 5. Nc3 a6 6. Be2 e6 7. Be3 Nc6 8. a4
Bd7 9. f4 Nxd4 10. Qxd4 Bc6 11. O-O d5 12. exd5 Nxd5 13. Nxd5 Bxd5 14. Rad1 Rc8
15. c4 Bc6 16. Qc3 Qe7 17. a5 Rg8 18. Bb6 Qb4 19. Qxb4 Bxb4 20. Rd4 Be7 21.
Rfd1 g5 22. Bf3 Bxf3 23. gxf3 gxf4+ 24. Kf1 e5 25. Rd7 f5 26. b3 Kf7 27. Rxb7
Ke6 28. Bf2 Rc6 29. Rdd7 Re8 30. Rdc7 Rxc7 31. Rxc7 Rd8 32. c5 e4 33. fxe4 fxe4
34. Rc6+ Kd5 35. Rxa6 e3 36. Be1 f3 37. b4 e2+ 38. Kf2 Rf8 39. Rh6 Rf7 40. a6
Bf6 41. Rh3 Bd4+ 42. Kg3 f2 43. Rh5+ Kc6 44. b5+ Kxb5 0-1

[Event "Open A"]
[Site "?"]
[Date "2007.08.28"]
[Round "5.19"]
[White "Postupa, Martin"]
[Black "Skacel, Jan"]
[Result "1-0"]
[WhiteElo "1985"]
[BlackElo "2103"]
[PlyCount "83"]
[EventDate "2007.??.??"]
[SourceDate "2007.08.28"]

1. e4 c5 2. Nc3 Nc6 3. g3 g6 4. Bg2 Bg7 5. d3 d6 6. Be3 e6 7. Qd2 Qa5 8. Nf3
Nd4 9. O-O Ne7 10. h3 Nec6 11. a3 O-O 12. Nh4 Bd7 13. f4 f5 14. g4 Rab8 15.
exf5 exf5 16. Bd5+ Kh8 17. Qh2 Rbe8 18. Rae1 Qd8 19. g5 b5 20. Nd1 b4 21. c3
bxc3 22. bxc3 Nb5 23. Qf2 Ne7 24. Ba2 Nxc3 25. Nxc3 Bxc3 26. Bc1 Qb6 27. Re2 d5
28. Bb2 Bxb2 29. Rxb2 Qd6 30. Rb7 Nc6 31. Rc1 Bc8 32. Rb3 Nd4 33. Rxc5 Nxb3 34.
Bxb3 Qe7 35. Qd4+ Qg7 36. Qxg7+ Kxg7 37. Bxd5 Be6 38. Bc6 Rc8 39. Ng2 Rcd8 40.
Re5 Kf7 41. Ra5 Rc8 42. Bf3 1-0

[Event "Open A"]
[Site "?"]
[Date "2007.08.29"]
[Round "6.1"]
[White "Straka, Ondrej"]
[Black "Sodoma, Jan"]
[Result "0-1"]
[WhiteElo "1703"]
[BlackElo "2334"]
[PlyCount "74"]
[EventDate "2007.08.29"]
[SourceDate "2007.08.29"]

1. e4 e5 2. Bc4 Nf6 3. d3 Bc5 4. Nf3 Nc6 5. O-O d6 6. c3 Qe7 7. b4 Bb6 8. a4 a5
9. b5 Nd8 10. Be3 Bxe3 11. fxe3 O-O 12. Nbd2 Ne6 13. Nb3 c6 14. bxc6 bxc6 15.
Nbd2 Nc5 16. Qe2 Bg4 17. h3 Bh5 18. g4 Bg6 19. Nh4 d5 20. Nxg6 hxg6 21. exd5
cxd5 22. Bb5 Rad8 23. Rab1 Nh7 24. d4 Ne4 25. Nxe4 dxe4 26. Qh2 Ng5 27. Be2
exd4 28. cxd4 Qa3 29. Kf2 f5 30. Qg3 fxg4+ 31. Kg1 Nf3+ 32. Kg2 Qa2 33. Qf2
Nh4+ 34. Qxh4 Qxe2+ 35. Rf2 gxh3+ 36. Kg1 Qxe3 37. Rbf1 Rxf2 0-1

[Event "Open A"]
[Site "?"]
[Date "2007.08.29"]
[Round "6.6"]
[White "Rmoutil, Martin"]
[Black "Balhar, Jan"]
[Result "0-1"]
[WhiteElo "2002"]
[BlackElo "2226"]
[PlyCount "54"]
[EventDate "2007.08.29"]
[SourceDate "2007.08.29"]

1. e4 c6 2. d4 d5 3. exd5 cxd5 4. Bd3 Nc6 5. c3 Qc7 6. Qb3 e6 7. Ne2 Bd6 8. g3
Nf6 9. Bf4 O-O 10. Bxd6 Qxd6 11. f4 b5 12. Bxb5 Rb8 13. Qa3 Qc7 14. Bd3 Qb6 15.
b3 a5 16. Qc5 Qxc5 17. dxc5 Nd7 18. Na3 Nxc5 19. Bb5 Bb7 20. O-O Rfd8 21. Rfd1
Ne4 22. Rac1 Rbc8 23. c4 Nb4 24. cxd5 Bxd5 25. Rxc8 Rxc8 26. Nc1 Nc3 27. Rd4
Nxb5 0-1

[Event "Open A"]
[Site "?"]
[Date "2007.08.29"]
[Round "6.33"]
[White "Zamrazil, Jan"]
[Black "Vaiser, Rudolf"]
[Result "0-1"]
[WhiteElo "1987"]
[BlackElo "1948"]
[PlyCount "62"]
[EventDate "2007.08.29"]
[SourceDate "2007.08.29"]

1. d4 f5 2. c4 e6 3. Nf3 Nf6 4. Bg5 Bb4+ 5. Nc3 Bxc3+ 6. bxc3 d6 7. e3 O-O 8.
Bd3 Nbd7 9. O-O h6 10. Bxf6 Nxf6 11. Rb1 b6 12. Re1 Ne4 13. Qc2 Bb7 14. Nd2
Nxd2 15. Qxd2 Qg5 16. f3 Bxf3 17. Qf2 Bb7 18. Rb2 f4 19. e4 f3 20. g3 e5 21. d5
Bc8 22. Bf1 Rf6 23. Re3 Bg4 24. Qe1 Raf8 25. Rf2 h5 26. Rd3 h4 27. gxh4 Qxh4
28. Qe3 Bh3 29. Bxh3 Qxh3 30. Qe1 Rg6+ 31. Kh1 Rg2 0-1

[Event "Open A"]
[Site "?"]
[Date "2007.08.29"]
[Round "6.7"]
[White "Drabek, Vojtech"]
[Black "Koys, Milan"]
[Result "0-1"]
[WhiteElo "2142"]
[BlackElo "2113"]
[PlyCount "58"]
[EventDate "2007.08.29"]
[SourceDate "2007.08.29"]

1. e4 Nf6 2. e5 Nd5 3. d4 d6 4. c4 Nb6 5. Nf3 Bg4 6. exd6 exd6 7. Be2 Be7 8. h3
Bxf3 9. Bxf3 c6 10. b3 d5 11. c5 Nc8 12. O-O O-O 13. b4 Bf6 14. Nc3 Re8 15. Qd3
g6 16. Bf4 Nd7 17. b5 Ne7 18. bxc6 bxc6 19. Ne2 Nf5 20. Bg4 Rxe2 21. Bxf5 Re8
22. Bxd7 Qxd7 23. Rab1 Re4 24. Be3 Rae8 25. Rb4 Be5 26. Qa6 Bc7 27. Rb7 R8e7
28. Rfb1 f5 29. Bg5 Re1+ 0-1

[Event "Open A"]
[Site "?"]
[Date "2007.08.29"]
[Round "6.32"]
[White "Vondrasek, Ondrej"]
[Black "Matejovsky, Ondrej"]
[Result "0-1"]
[WhiteElo "1894"]
[BlackElo "2088"]
[PlyCount "92"]
[EventDate "2007.08.29"]
[SourceDate "2007.08.29"]

1. c4 e5 2. Nc3 Bb4 3. Nd5 Bc5 4. b4 Bd4 5. Nc3 Nf6 6. Bb2 O-O 7. e3 Bxc3 8.
Bxc3 Re8 9. Be2 d5 10. Nf3 Nbd7 11. O-O c6 12. d3 e4 13. dxe4 Nxe4 14. Bb2 Ndf6
15. Nd4 Qe7 16. c5 a5 17. a3 Bd7 18. Qc2 axb4 19. axb4 Rxa1 20. Rxa1 Nxf2 21.
Nf5 Bxf5 22. Qxf5 Qxe3 23. Qxf2 Qxe2 24. Qxe2 Rxe2 25. Bxf6 gxf6 26. Ra7 Re7
27. b5 Kf8 28. Ra8+ Re8 29. Ra7 Re7 30. Ra8+ Kg7 31. Ra7 Rc7 32. b6 Re7 33. g4
f5 34. gxf5 Kf6 35. Ra8 Kxf5 36. Rc8 d4 37. Kf2 d3 38. Rd8 Re2+ 39. Kf1 Ke4 40.
Rd7 Rxh2 41. Rxb7 Rh1+ 42. Kf2 d2 43. Re7+ Kf5 44. b7 d1=Q 45. b8=Q Rf1+ 46.
Ke3 Rf3# 0-1

[Event "Open A"]
[Site "?"]
[Date "2007.08.29"]
[Round "6.11"]
[White "Skala, Jaromir"]
[Black "Ptak, Pavel"]
[Result "0-1"]
[WhiteElo "2075"]
[BlackElo "2162"]
[PlyCount "75"]
[EventDate "2007.08.29"]
[SourceDate "2007.08.29"]

1. e4 g6 2. d4 Bg7 3. c3 d5 4. exd5 Qxd5 5. Nf3 Nf6 6. Be3 O-O 7. Nbd2 Bf5 8.
Bc4 Qd6 9. O-O Nc6 10. b4 Ne4 11. Rc1 Nxd2 12. Qxd2 Rad8 13. Bh6 e5 14. Bxg7
Kxg7 15. b5 Na5 16. Qe2 Nxc4 17. Qxc4 Be6 18. Qe2 exd4 19. Nxd4 Rfe8 20. Rfe1
Qf4 21. Qb2 Qf6 22. Re3 Bd5 23. Rce1 Rxe3 24. Rxe3 Kg8 25. Qe2 c5 26. Nb3 b6
27. h3 Kg7 28. Nd2 h5 29. Nf3 Bxf3 30. Rxf3 Qd6 31. Qe3 Rd7 32. Rf4 f5 33. Rf3
Re7 34. Qc1 Re4 35. Re3 Qe5 36. Rxe4 Qxe4 37. c4 Qd4 38. g3 0-1

[Event "Open A"]
[Site "?"]
[Date "2007.08.29"]
[Round "6.20"]
[White "Misicko, Jan"]
[Black "Schmalz, Michal"]
[Result "1/2-1/2"]
[WhiteElo "2113"]
[BlackElo "1797"]
[PlyCount "108"]
[EventDate "2007.08.29"]
[SourceDate "2007.08.29"]

1. c4 Nf6 2. g3 g6 3. Bg2 Bg7 4. Nc3 O-O 5. e4 e5 6. Nge2 Nc6 7. O-O d6 8. h3
Nh5 9. g4 Nf4 10. Nxf4 exf4 11. d3 h5 12. Bxf4 hxg4 13. hxg4 Qh4 14. Bg3 Qxg4
15. Qxg4 Bxg4 16. f3 Bd7 17. Rab1 Ne7 18. Nd5 Nxd5 19. cxd5 Bd4+ 20. Kh2 Kg7
21. Bf2 Be5+ 22. Kg1 Rh8 23. Be1 Bb5 24. Rf2 Bh2+ 25. Kh1 Bg3+ 26. Kg1 Bxf2+
27. Bxf2 Bd7 28. Bd4+ f6 29. Bc3 Bh3 30. Ba5 Bxg2 31. Kxg2 Rac8 32. Rc1 c6 33.
dxc6 bxc6 34. Bb4 d5 35. Bc5 dxe4 36. dxe4 a6 37. b4 Rhd8 38. Rc2 Kf7 39. a4
Ke6 40. Kf2 Rd1 41. Be3 Rh1 42. Kg2 Rb1 43. Bc5 Ra1 44. a5 Rd1 45. Kf2 Rh8 46.
Kg3 Rhh1 47. Bf2 Rc1 48. Re2 Rc4 49. Bc5 Rd1 50. Rh2 Rxc5 51. bxc5 Rc1 52. Rb2
Rxc5 53. Rb6 Rxa5 54. Rxc6+ Ke7 1/2-1/2

[Event "Open A"]
[Site "?"]
[Date "2007.08.29"]
[Round "6.17"]
[White "Pokorny, Jiri"]
[Black "Srba, Milan"]
[Result "0-1"]
[WhiteElo "1955"]
[BlackElo "2237"]
[PlyCount "85"]
[EventDate "2007.08.29"]
[SourceDate "2007.08.29"]

1. e4 e6 2. d4 d5 3. e5 c5 4. Qg4 Nc6 5. Nf3 Qa5+ 6. Bd2 Nh6 7. Qf4 Qb6 8. b3
Nf5 9. Bd3 Ncxd4 10. Nxd4 Nxd4 11. O-O c4 12. bxc4 dxc4 13. c3 cxd3 14. cxd4
Bd7 15. Nc3 Bc6 16. Rab1 Qa6 17. Qg4 Rd8 18. Be3 h6 19. f4 g6 20. Qd1 Qc4 21.
Rb3 Bb4 22. Qc1 Rxd4 23. Bxd4 Qxd4+ 24. Rf2 Bc5 25. Rbb2 O-O 26. Qd2 Rd8 27.
Nd1 Qe4 28. Kf1 Bxf2 29. Qxf2 g5 30. fxg5 Qxe5 31. gxh6 Qxh2 32. Qf6 Qh1+ 33.
Kf2 Qxg2+ 34. Ke3 Qg1+ 35. Rf2 Qe1+ 36. Kf4 Qe4+ 37. Kg3 Qg6+ 38. Qxg6+ fxg6
39. Kg4 Kh7 40. Kg5 Rd5+ 41. Kf6 Rf5+ 42. Kxe6 Rxf2 43. Nxf2 0-1

[Event "Open A"]
[Site "?"]
[Date "2007.08.29"]
[Round "6.4"]
[White "Herejk, Petr"]
[Black "Vrana, Jan"]
[Result "1/2-1/2"]
[WhiteElo "2178"]
[BlackElo "2271"]
[PlyCount "74"]
[EventDate "2007.08.29"]
[SourceDate "2007.08.29"]

1. e4 e5 2. Nf3 Nc6 3. Nc3 Nf6 4. d4 Bb4 5. d5 Ne7 6. Qd3 Ng6 7. g3 O-O 8. Bd2
d6 9. Bg2 a6 10. O-O Bc5 11. Na4 Ba7 12. c4 Bd7 13. Nc3 Ne8 14. Be3 f5 15. Bxa7
Rxa7 16. exf5 Bxf5 17. Qe3 Ra8 18. Ng5 Qe7 19. h4 h6 20. Ne6 Rf7 21. Be4 Bxe4
22. Nxe4 Nf8 23. Nxf8 Qxf8 24. Rac1 Nf6 25. Rc3 Nxe4 26. Qxe4 Rf5 27. Kg2 Qf7
28. Rf3 Rf6 29. Rxf6 gxf6 30. Qf5 Rf8 31. Kf3 b5 32. b3 bxc4 33. bxc4 Rb8 34.
Rb1 Rxb1 35. Qxb1 f5 36. Qb7 f4 37. Qxa6 fxg3+ 1/2-1/2

[Event "Open A"]
[Site "?"]
[Date "2007.08.29"]
[Round "6.9"]
[White "Krasnay, Peter"]
[Black "Kubikova, Hana"]
[Result "0-1"]
[WhiteElo "2123"]
[BlackElo "2187"]
[PlyCount "142"]
[EventDate "2007.08.29"]
[SourceDate "2007.08.29"]

1. e4 c5 2. Nf3 Nf6 3. e5 Nd5 4. Nc3 e6 5. Nxd5 exd5 6. d4 d6 7. Bb5+ Nc6 8.
O-O Be7 9. c4 Be6 10. Be3 dxe5 11. Nxe5 Rc8 12. cxd5 Bxd5 13. dxc5 O-O 14. Nxc6
bxc6 15. Ba6 Rb8 16. Bd4 Bf6 17. Bxf6 Qxf6 18. b3 Rbd8 19. Qg4 Rfe8 20. Rad1
Re4 21. Qg3 Rde8 22. h3 R4e5 23. Rd4 h5 24. h4 Re1 25. Rd1 R1e4 26. f3 Rxh4 27.
Rfe1 Rxe1+ 28. Qxe1 Qf4 29. Qf2 Qh2+ 30. Kf1 Rf4 31. Ke2 Rf6 32. Rd3 Re6+ 33.
Re3 Rxe3+ 34. Kxe3 Qe5+ 35. Kd3 Qa1 36. Qd2 Bxb3 37. axb3 Qxa6+ 38. Ke3 Qa1 39.
Kf2 g6 40. Qd6 Qb2+ 41. Kg3 Qxb3 42. Qxc6 Qb8+ 43. Kf2 Kf8 44. Qd5 Qc7 45. c6
Ke7 46. Qc5+ Ke6 47. Kf1 a5 48. Kf2 a4 49. Ke3 a3 50. f4 f6 51. Ke4 a2 52. Qd5+
Ke7 53. Qxa2 Qxc6+ 54. Kd4 Qd6+ 55. Kc3 Qxf4 56. Qa7+ Ke6 57. Qa6+ Kf5 58. Qc8+
Kg5 59. Qb7 h4 60. Kd3 Qe5 61. Qc6 f5 62. Qd7 Qe4+ 63. Kc3 Qxg2 64. Qe7+ Kg4
65. Qf6 g5 66. Qd4+ f4 67. Qd7+ Kg3 68. Qf5 g4 69. Kd4 h3 70. Ke5 Qe2+ 71. Kf6
h2 0-1

[Event "Open A"]
[Site "?"]
[Date "2007.08.29"]
[Round "6.5"]
[White "Koper, Stefan"]
[Black "Vojta, Tomas"]
[Result "0-1"]
[WhiteElo "2000"]
[BlackElo "2283"]
[PlyCount "112"]
[EventDate "2007.08.29"]
[SourceDate "2007.08.29"]

1. d4 d5 2. Nf3 Nf6 3. g3 c6 4. Bg2 Bf5 5. O-O h6 6. Nbd2 e6 7. c4 Nbd7 8. b3
Be7 9. Bb2 O-O 10. Re1 Qa5 11. a3 Ne4 12. b4 Qc7 13. cxd5 exd5 14. Ne5 Nxd2 15.
Qxd2 Bf6 16. Nxd7 Qxd7 17. a4 a6 18. e3 Rfe8 19. Bf1 h5 20. b5 h4 21. bxa6 bxa6
22. Ba3 g6 23. Bd3 Kg7 24. Ra2 Rh8 25. Bxf5 Qxf5 26. Qc2 Qe6 27. Qd1 Rae8 28.
g4 h3 29. f3 Rb8 30. Qd3 a5 31. Bc5 Rb7 32. Rc2 Rhb8 33. e4 Rb1 34. Qf1 Rxe1
35. Qxe1 dxe4 36. Qxe4 Rb1+ 37. Kf2 Bh4+ 38. Ke3 Re1+ 39. Re2 Rxe2+ 40. Kxe2
Qa2+ 41. Kd3 Qb1+ 42. Ke2 Qb2+ 43. Kd3 Qxh2 44. Qxc6 Qa2 45. d5 Qb3+ 46. Ke4
Qc2+ 47. Ke5 Bg3+ 48. f4 Qe2+ 49. Kd6 Bxf4+ 50. Kd7 h2 51. Qa8 Qxg4+ 52. Kc6
Qf5 53. Qf8+ Kh7 54. Bd4 Qc2+ 55. Kb5 Qd3+ 56. Kc5 Qa3+ 0-1

[Event "Open A"]
[Site "?"]
[Date "2007.08.29"]
[Round "6.2"]
[White "Hausner, Ivan"]
[Black "Fojtu, Petr"]
[Result "1/2-1/2"]
[WhiteElo "2393"]
[BlackElo "2121"]
[PlyCount "120"]
[EventDate "2007.08.29"]
[SourceDate "2007.08.29"]

1. d4 f5 2. Nf3 Nf6 3. g3 g6 4. Bg2 Bg7 5. O-O O-O 6. c3 c6 7. Nbd2 Qe8 8. Re1
d5 9. Ne5 Nbd7 10. Nd3 e5 11. dxe5 Nxe5 12. Nf3 Nf7 13. a4 a5 14. Be3 Qd8 15.
Qb3 Nd7 16. Rad1 Kh8 17. c4 dxc4 18. Qxc4 Qe7 19. Qb3 Re8 20. h4 Nf6 21. Bc5
Qe6 22. Qa3 Ne4 23. Nf4 Qc4 24. Bd4 Qb4 25. Qa2 Qe7 26. Qb3 Nd8 27. e3 Ne6 28.
Ne5 N6c5 29. Nf7+ Kg8 30. Nh6+ Kh8 31. Qf7 Qxf7 32. Nxf7+ Kg8 33. Bxe4 Nxe4 34.
Ng5 Nxg5 35. hxg5 Bf8 36. Kf1 Bd6 37. Bf6 Bxf4 38. gxf4 Be6 39. Rd4 Bd5 40. Rc1
Re4 41. Rxd5 cxd5 42. Rc7 Rxa4 43. Rxb7 Ra6 44. Rg7+ Kf8 45. Rxh7 Rxf6 46. gxf6
Rb4 47. Rd7 Rxb2 48. Rxd5 a4 49. Ra5 Ra2 50. Ra7 a3 51. Kg2 Ra1 52. Kf3 a2 53.
Ke2 Ke8 54. Kf3 Kf8 55. Kg2 Ke8 56. f3 Re1 57. Rxa2 Rxe3 58. Rd2 Re6 59. f7+
Kf8 60. Kg3 Re7 1/2-1/2

[Event "Open A"]
[Site "?"]
[Date "2007.08.29"]
[Round "6.8"]
[White "Pospisil, Evzen"]
[Black "Blumel, Otto"]
[Result "1/2-1/2"]
[WhiteElo "2127"]
[BlackElo "2234"]
[PlyCount "20"]
[EventDate "2007.08.28"]
[SourceDate "2007.08.29"]

1. d4 d5 2. Bf4 Nc6 3. e3 f6 4. c4 e6 5. Nc3 Bb4 6. Nf3 Nge7 7. Bg3 O-O 8. Qc2
Ng6 9. h4 Re8 10. Bd3 Nce7 1/2-1/2

[Event "Open A"]
[Site "?"]
[Date "????.??.??"]
[Round "6.13"]
[White "Marsalek, Lubomir"]
[Black "Kojetsky, Pavel"]
[Result "0-1"]
[WhiteElo "2028"]
[BlackElo "2147"]
[PlyCount "28"]
[EventDate "2007.08.28"]
[SourceDate "2007.08.29"]

1. b3 e5 2. Bb2 Nc6 3. e3 d5 4. Bb5 Bd6 5. f4 Qe7 6. Nf3 f6 7. fxe5 fxe5 8.
Nxe5 Qh4+ 9. Kf1 Nge7 10. Nf3 O-O 11. Ke2 Bg4 12. h3 Bxf3+ 13. gxf3 Rxf3 14.
Rf1 Rxh3 0-1

[Event "Open A"]
[Site "?"]
[Date "2007.08.29"]
[Round "6.3"]
[White "Studnicka, Tomas"]
[Black "Kozak, Milos"]
[Result "1/2-1/2"]
[WhiteElo "2307"]
[BlackElo "2213"]
[PlyCount "30"]
[EventDate "2007.08.28"]
[SourceDate "2007.08.29"]

1. d4 Nf6 2. c4 e6 3. Nc3 Bb4 4. e3 O-O 5. Bd3 d5 6. Nge2 c5 7. cxd5 cxd4 8.
exd4 Nxd5 9. O-O Nc6 10. Qc2 h6 11. a3 Be7 12. Nxd5 exd5 13. Bf4 Re8 14. Bb5
Qb6 15. Bxc6 bxc6 1/2-1/2

[Event "Open A"]
[Site "?"]
[Date "2007.08.29"]
[Round "6.14"]
[White "Postupa, Martin"]
[Black "Lizner, Milan"]
[Result "1/2-1/2"]
[WhiteElo "1985"]
[BlackElo "2140"]
[PlyCount "42"]
[EventDate "2007.08.28"]
[SourceDate "2007.08.29"]

1. e4 c5 2. Nc3 Nc6 3. g3 g6 4. Bg2 Bg7 5. d3 e6 6. Be3 d6 7. Qd2 Nd4 8. Nd1 e5
9. c3 Ne6 10. Nh3 Ne7 11. O-O O-O 12. f4 f5 13. Ndf2 Rb8 14. Rae1 b6 15. fxe5
dxe5 16. Bh6 f4 17. Bxg7 Kxg7 18. Ng4 Qd6 19. gxf4 Nxf4 20. Nxf4 Bxg4 21. Nd5
Qe6 1/2-1/2